000 02877cam a2200397 4500500
005 20260111094554.0
041 _afre
042 _adc
100 1 0 _aMuller, Raphaël
_eauthor
245 0 0 _aEntre ancrage local et ambition nationale
260 _c2008.
500 _a4
520 _aRésuméEn 1878, Alexandre Ribot est candidat au siège de député de la seconde circonscription de l’arrondissement de Boulogne-sur-Mer. Jeune juriste libéral formé à Paris, il n’a pas d’expérience politique de terrain et connaît mal le Calaisis. Les espaces ruraux lui sont particulièrement étrangers. En dépit de cette méconnaissance initiale, il parvient à se faire élire et demeure député du Pas-de-Calais pendant près de quarante années. Cette longévité politique s’explique par une mutation profonde du député Ribot. A ses débuts, il est volontiers hautain et méprisant avec ses électeurs ruraux. Il en vient pourtant à apprécier leur compagnie et à s’enraciner dans sa circonscription. Cette conversion démocratique accompagne le mouvement de politisation des campagnes du Pas-de-Calais et leur ralliement à la République opportuniste et progressiste.
520 _aIn 1878, Alexandre Ribot ran for a seat of representative in the second district of the arrondissement of Boulogne-sur-Mer. As a young liberal jurist educated in Paris, he had no grassroots political experience and little knowledge of the Calais area. He was particularly ignorant of the rural scene. In spite of this initial handicap, he succeeded in his bid for election, and remained a representative of Pas-de-Calais for almost forty years. This political longevity is the result of a deep-reaching trasformation of representative Ribot himself. While often haughty and scornful with the rural voters at first, he came to enjoy their company and push deep roots in his district. This conversion to democracy took place along with the politicization of the Pas-de-Calais countryside and its being won over by Progressive and Opportunist Republicans.
690 _acirconscription
690 _adémocratie rurale
690 _alibéralisme
690 _anotable
690 _aPas-de-Calais
690 _apolitisation
690 _aprotectionnisme
690 _aSaint-Omer
690 _asuffrage universel
690 _atournée électorale
690 _adistrict
690 _aelectoral campaign notability
690 _aPas-de-Calais
690 _apolitical liberalism
690 _apoliticization
690 _aprotectionism
690 _arural democracy
690 _aSaint-Omer
690 _auniversal suffrage
786 0 _nHistoire & Sociétés Rurales | 29 | 1 | 2008-09-01 | p. 133-163 | 1254-728X
856 4 1 _uhttps://shs.cairn.info/revue-histoire-et-societes-rurales-2008-1-page-133?lang=fr&redirect-ssocas=7080
999 _c1628828
_d1628828